The Gospel according to St. John, (Record no. 45410)

MARC details
000 -LEADER
fixed length control field 00612nam a22001697a 4500
008 - FIXED-LENGTH DATA ELEMENTS--GENERAL INFORMATION
fixed length control field 151127b xxu||||| |||| 00| 0 eng d
020 ## - INTERNATIONAL STANDARD BOOK NUMBER
International Standard Book Number 0802814034
050 ## - LIBRARY OF CONGRESS CALL NUMBER
Classification number BS2615.3
Item number .T37 1960
100 ## - MAIN ENTRY--PERSONAL NAME
Personal name Tasker, R. V. G. (Randolph Vincent Greenwood), 1895- 245 14
245 ## - TITLE STATEMENT
Title The Gospel according to St. John,
Remainder of title an introduction and commentary /
Statement of responsibility, etc by R. V. G. Tasker.
260 ## - PUBLICATION, DISTRIBUTION, ETC. (IMPRINT)
Place of publication, distribution, etc Grand Rapids :
Name of publisher, distributor, etc Eerdmans,
Date of publication, distribution, etc 1960
300 ## - PHYSICAL DESCRIPTION
Extent 237 p. ;
Dimensions 21 cm.
440 ## - SERIES STATEMENT/ADDED ENTRY--TITLE
Title The Tyndale New Testament commentaries
500 ## - GENERAL NOTE
General note Includes bibliography.
630 ## - SUBJECT ADDED ENTRY--UNIFORM TITLE
Relator term Bible. N.T.
Form subdivision John
General subdivision Commentaries.
942 ## - ADDED ENTRY ELEMENTS (KOHA)
Source of classification or shelving scheme Library of Congress Classification
Item type Book
Holdings
Withdrawn status Lost status Source of classification or shelving scheme Damaged status Not for loan Collection code Home library Current library Shelving location Date acquired Source of acquisition Total Checkouts Full call number Barcode Date last seen Date last borrowed Copy number Price effective from Koha item type
    Library of Congress Classification     Non-fiction Bishop Okullu Memorial Library (Limuru Campus) Bishop Okullu Memorial Library (Limuru Campus) General Circulation 27/11/2015 Donation 2 BS2615.3 .T37 1960 044928 17/03/2026 02/03/2026 1 27/11/2015 Book